La talentosa Clementina / (Registro nro. 19230)

Detalles MARC
000 -CABECERA
Campo de control 01684nam a2200313 a 4500
005 - FECHA Y HORA DE LA ULTIMA TRANSACCION
Campo de control 20170126142133.0
008 - ELEMENTOS DE LONGITUD FIJA—INFORMACION GENERAL
Campo de control 081118s2009 ck a jr 0001jbspa d
015 ## - NATIONAL BIBLIOGRAPHY NUMBER
National bibliography number ck-2009-xxxx
020 ## - ISBN
ISBN 9789584516763
040 ## - FUENTE DE CATALOGACIÓN
Agencia catalogadora original CO-BoBLA
Agencia transcriptora CO-BoBLA
041 1# - IDIOMA
Código de idioma para texto/pista de sonido o título separado Español
Código de idioma de la versión original y/o traducciones intermedias del texto Inglés
043 ## - GEOGRAPHIC AREA CODE
Geographic area code n-us---
090 ## - CLASIFICACIÓN LOCAL
Colección I-TDP
Consecutivo 04
100 1# - ASIENTO PRINCIPAL--NOMBRE PERSONAL
Nombre personal Pennypacker, Sara.
Término relacionado autora
245 13 - MENCION DE TITULO
Título La talentosa Clementina /
Mención de responsabilidad Sara Pennypacker ; traducción María del Mar Ravassa ; ilustraciones Marla Frazee.
250 ## - MENCION DE EDICION
Mención de edición Edición María Candelaria Posada y Ana María González Sanz.
260 ## - PUBLICACION, DISTRIBUCION, ETC. (PIE DE IMPRENTA)
Lugar de publicación, distribución, etc. Bogotá :
Nombre del editor, distribuidor, etc. Grupo Editorial Norma,
Fecha de publicación, distribución, etc. 2009.
300 ## - DESCRIPCION FISICA
Extensión 148 paginas
Otros detalles físicos ilustraciones ;
Dimensiones 21 x 11 cm.
520 ## - NOTA DE RESUMEN, ETC.
Nota de resumen El profesor anuncia a la clase de Clementina que va a haber una función para recaudar fondos para el viaje de primavera, y cada alumno debe contribuir al espectáculo con su mejor habilidad. ¡Qué horror: Clementina no sabe cantar, ni bailar, ni tocar un solo instrumento musical! Y por si eso fuera poco, su mejor amiga posee tantísimos talentos que hasta los tiene organizados por orden alfabético. Menos mal que, en el último momento, Clementina descubre que tiene un talento inesperado
534 ## - NOTA DE VERSION ORIGINAL
Frase introductoria Título original :
Título del original The talented Clementine.
650 14 - ASIENTO SECUNDARIO DE MATERIA - TERMINO TEMATICO
Término temático o nombre geográfico como elemento de entrada Cuentos infantiles estadounidenses.
650 14 - ASIENTO SECUNDARIO DE MATERIA - TERMINO TEMATICO
Término temático o nombre geográfico como elemento de entrada Humorismo
Subdivisión de forma Cuentos infantiles.
700 1# - ASIENTO SECUNDARIO - NOMBRE PERSONAL
Nombre personal Ravassa, Maria del Mar,
Término de relación traductora.
700 1# - ASIENTO SECUNDARIO - NOMBRE PERSONAL
Nombre personal Frazee, Marla,
Término de relación ilustradora.
700 1# - ASIENTO SECUNDARIO - NOMBRE PERSONAL
Nombre personal González Sanz, Ana María,
Término de relación editora
700 1# - ASIENTO SECUNDARIO - NOMBRE PERSONAL
Nombre personal Posada, María Candelaria,
Fechas asociadas con el nombre 1949-,
Término de relación editora.
942 ## - ELEMENTOS ADICIONALES (KOHA)
Sistema de clasificación Local
Tipo de ítem Libro
949 ## - LOCAL PROCESSING INFORMATION (OCLC)
a n
b n
Existencias
Withdrawn status Lost status Sistema de Clasificación Damaged status No para préstamo Colección Fecha publicación (Año) Inventariado Ubicación Permanente Ubicación actual Fecha de adquisición Fuente de Valor Valor Total Checkouts Número topográfico Inventario / Código de Barras Date last seen Ejemplar Price effective from Forma de adquisición Tipo de material
    Local     Infantil 2009 Inventariado 2017 Bogotá Bogotá 26/01/2017 Instituto 30000.00   I-TDP-04 042356 26/01/2017 Ej. 1 26/01/2017 Donación Libro